[Event "Skalica Open 2019"]
[Site "Skalica"]
[Date "2019.08.28"]
[Round "5.18"]
[White "Rakovsky, Jakub"]
[Black "Sefcik, Marek"]
[Result "0-1"]
[WhiteElo "1765"]
[BlackElo "2024"]
[Annotator "NA"]
[PlyCount "82"]
[EventDate "2019.08.25"]
[EventType "swiss"]
[EventCountry "SVK"]
[SourceTitle "playchess.com"]
[Source "ChessBase"]
[SourceQuality "1"]
[TimeControl "40/5400+30:1800+30"]

1. e4 {[%emt 0:01:30]} c5 {[%emt 0:00:00]} 2. Nf3 {[%emt 0:00:12]} e6 {[%emt 0:00:00]} 3. d4 {[%emt 0:00:44]} cxd4 {[%emt 0:00:02]} 4. Nxd4 {[%emt 0:00:37]} Bc5 {[%emt 0:00:40]} 5. Nb3 {[%emt 0:02:01]} Bb6 {[%emt 0:00:20]} 6. Nc3 {[%emt 0:00:58]} Ne7 {[%emt 0:00:38]} 7. Be2 {[%emt 0:02:28]} O-O {[%emt 0:00:36]} 8. O-O {[%emt 0:01:33]} f5 {[%emt 0:00:51]} 9. Bg5 {[%emt 0:02:42]} h6 {[%emt 0:06:46]} 10. Bxe7 {[%emt 0:00:51]} Qxe7 {[%emt 0:00:10]} 11. exf5 {[%emt 0:00:34]} Rxf5 {[%emt 0:00:30]} 12. Bd3 {[%emt 0:01:10]} Rf8 {[%emt 0:02:44]} 13. Qe2 {[%emt 0:00:49]} Qh4 {[%emt 0:09:01]} 14. Nd2 {[%emt 0:07:40]} d5 {[%emt 0:07:47]} 15. Nf3 {[%emt 0:02:47]} Qf4 {[%emt 0:03:14]} 16. Qe5 {[%emt 0:18:47]} Nc6 {[%emt 0:02:06]} 17. Qh5 {[%emt 0:06:03]} Bd7 {[%emt 0:11:22]} 18. Qg6 {[%emt 0:07:41]} Rf6 {[%emt 0:09:07]} 19. Ne2 {[%emt 0:04:46]} Rxg6 {[%emt 0:09:12]} 20. Nxf4 {[%emt 0:01:43]} Rf6 {[%emt 0:10:23]} 21. Ng6 {[%emt 0:01:55]} Be8 {[%emt 0:00:37]} 22. Nge5 {[%emt 0:01:30]} Nxe5 {[%emt 0:01:16]} 23. Nxe5 {[%emt 0:00:02]} Bd4 {[%emt 0:00:28]} 24. Nf3 {[%emt 0:00:47]} Bc5 {[%emt 0:03:25]} 25. b4 {[%emt 0:06:06]} Bb6 {[%emt 0:01:09]} 26. c4 {[%emt 0:02:26]} Bh5 {[%emt 0:01:26]} 27. cxd5 {[%emt 0:09:38]} Bxf3 {[%emt 0:00:42]} 28. gxf3 {[%emt 0:00:02]} exd5 {[%emt 0:00:15]} 29. Be2 {[%emt 0:02:56]} Re8 {[%emt 0:00:27]} 30. Rfe1 {[%emt 0:02:14]} Re5 {[%emt 0:01:12]} 31. Bf1 {[%emt 0:02:41]} Rg5+ {[%emt 0:00:31]} 32. Kh1 {[%emt 0:01:00]} Bxf2 {[%emt 0:00:24]} 33. h4 {[%emt 0:01:19]} Rh5 {[%emt 0:02:40]} 34. Re2 {[%emt 0:01:03]} Rxh4+ {[%emt 0:01:01]} 35. Kg2 {[%emt 0:00:47]} Bb6 {[%emt 0:01:58]} 36. Kg3 {[%emt 0:01:05]} Rxb4 {[%emt 0:04:04]} 37. Rd2 {[%emt 0:02:02]} Rbf4 {[%emt 0:00:40]} 38. Be2 {[%emt 0:00:43]} R4f5 {[%emt 0:00:54]} 39. Rad1 {[%emt 0:00:54]} Rg6+ {[%emt 0:00:36]} 40. Kh4 {[%emt 0:00:13]} Bd8+ {[%emt 0:00:19]} 41. Kh3 {[%emt 0:30:01]} Rh5# {[%emt 0:30:11]} 0-1

[Event "Skalica Open 2019"]
[Site "Skalica"]
[Date "2019.08.28"]
[Round "5.19"]
[White "Kovarikova, Maria"]
[Black "Benes, Miroslav"]
[Result "0-1"]
[WhiteElo "1854"]
[BlackElo "2107"]
[Annotator "NA"]
[PlyCount "68"]
[EventDate "2019.08.25"]
[EventType "swiss"]
[EventCountry "SVK"]
[SourceTitle "playchess.com"]
[Source "ChessBase"]
[SourceQuality "1"]
[TimeControl "40/5400+30:1800+30"]

1. e4 {[%emt 0:00:00]} d5 {[%emt 0:00:00]} 2. exd5 {[%emt 0:00:00]} Qxd5 {[%emt 0:00:00]} 3. Nc3 {[%emt 0:00:00]} Qa5 {[%emt 0:00:00]} 4. d4 {[%emt 0:00:00]} c6 {[%emt 0:00:00]} 5. Bc4 {[%emt 0:00:36]} Bf5 {[%emt 0:00:08]} 6. Nf3 {[%emt 0:00:55]} e6 {[%emt 0:00:33]} 7. Bd2 {[%emt 0:02:15]} Nd7 {[%emt 0:01:34]} 8. O-O {[%emt 0:01:17]} Ngf6 {[%emt 0:00:22]} 9. Re1 {[%emt 0:03:56]} Qc7 {[%emt 0:01:35]} 10. Nh4 {[%emt 0:37:58]} Bg6 {[%emt 0:03:02]} 11. f4 {[%emt 0:07:38]} O-O-O {[%emt 0:08:28]} 12. Ne2 {[%emt 0:09:03]} Bh5 {[%emt 0:08:49]} 13. c3 {[%emt 0:07:10]} Be7 {[%emt 0:01:41]} 14. Rf1 {[%emt 0:01:38]} h6 {[%emt 0:05:46]} 15. Nf3 {[%emt 0:11:50]} g5 {[%emt 0:02:03]} 16. b4 {[%emt 0:06:23]} Ne4 {[%emt 0:08:08]} 17. b5 {[%emt 0:02:40]} c5 {[%emt 0:01:57]} 18. a4 {[%emt 0:01:36]} gxf4 {[%emt 0:12:48]} 19. a5 {[%emt 0:01:32]} Bxf3 {[%emt 0:05:43]} 20. Rxf3 {[%emt 0:00:12]} Nxd2 {[%emt 0:00:17]} 21. Qxd2 {[%emt 0:00:17]} Ne5 {[%emt 0:00:13]} 22. b6 {[%emt 0:02:26]} Nxf3+ {[%emt 0:03:08]} 23. gxf3 {[%emt 0:00:06]} Rhg8+ {[%emt 0:00:22]} 24. Kh1 {[%emt 0:00:40]} axb6 {[%emt 0:09:40]} 25. a6 {[%emt 0:00:05]} bxa6 {[%emt 0:06:00]} 26. Bxa6+ {[%emt 0:00:05]} Kb8 {[%emt 0:00:11]} 27. Bd3 {[%emt 0:02:11]} f5 {[%emt 0:00:45]} 28. Qa2 {[%emt 0:00:36]} Qb7 {[%emt 0:00:10]} 29. Ng1 {[%emt 0:00:06]} Rg6 {[%emt 0:01:29]} 30. Qe2 {[%emt 0:00:32]} Rdg8 {[%emt 0:02:10]} 31. Nh3 {[%emt 0:01:07]} Bd6 {[%emt 0:02:06]} 32. dxc5 {[%emt 0:00:07]} Bxc5 {[%emt 0:00:23]} 33. Ba6 {[%emt 0:00:50]} Qg7 {[%emt 0:02:20]} 34. Bb5 {[%emt 0:00:34]} Rg1+ {[%emt 0:00:36]} 0-1

[Event "Skalica Open 2019"]
[Site "Skalica"]
[Date "2019.08.28"]
[Round "5.20"]
[White "Lhotska, Anna"]
[Black "Chan, Naruna"]
[Result "1-0"]
[WhiteElo "1966"]
[BlackElo "1950"]
[Annotator "NA"]
[PlyCount "83"]
[EventDate "2019.08.25"]
[EventType "swiss"]
[EventCountry "SVK"]
[SourceTitle "playchess.com"]
[Source "ChessBase"]
[SourceQuality "1"]
[TimeControl "40/5400+30:1800+30"]

1. c4 {[%emt 0:00:00]} f5 {[%emt 0:00:00]} 2. Nc3 {[%emt 0:00:00]} d6 {[%emt 0:00:03]} 3. Nf3 {[%emt 0:00:50]} e5 {[%emt 0:00:16]} 4. e3 {[%emt 0:00:10]} Nf6 {[%emt 0:00:12]} 5. d4 {[%emt 0:00:23]} e4 {[%emt 0:01:33]} 6. Nd2 {[%emt 0:00:10]} c6 {[%emt 0:00:50]} 7. d5 {[%emt 0:04:33]} Nbd7 {[%emt 0:04:09]} 8. Be2 {[%emt 0:07:57]} Be7 {[%emt 0:01:09]} 9. b4 {[%emt 0:09:43]} O-O {[%emt 0:02:37]} 10. Nb3 {[%emt 0:03:04]} Ne5 {[%emt 0:02:34]} 11. Bb2 {[%emt 0:05:09]} b6 {[%emt 0:09:34]} 12. dxc6 {[%emt 0:11:35]} Nxc6 {[%emt 0:02:21]} 13. Nd5 {[%emt 0:00:41]} Be6 {[%emt 0:03:55]} 14. a3 {[%emt 0:05:09]} Bf7 {[%emt 0:04:06]} 15. Nd4 {[%emt 0:11:10]} Nxd4 {[%emt 0:02:19]} 16. Qxd4 {[%emt 0:00:07]} Bxd5 {[%emt 0:01:22]} 17. cxd5 {[%emt 0:00:07]} Ne8 {[%emt 0:02:38]} 18. O-O {[%emt 0:01:59]} Bf6 {[%emt 0:01:23]} 19. Qd2 {[%emt 0:00:11]} Bxb2 {[%emt 0:01:09]} 20. Qxb2 {[%emt 0:00:07]} Nf6 {[%emt 0:00:55]} 21. Rac1 {[%emt 0:03:19]} Rc8 {[%emt 0:01:45]} 22. Rc6 {[%emt 0:04:16]} Rxc6 {[%emt 0:08:17]} 23. dxc6 {[%emt 0:00:07]} Qc7 {[%emt 0:00:06]} 24. b5 {[%emt 0:01:10]} d5 {[%emt 0:00:11]} 25. Rd1 {[%emt 0:02:52]} Rd8 {[%emt 0:01:37]} 26. Rd4 {[%emt 0:04:21]} h6 {[%emt 0:01:41]} 27. a4 {[%emt 0:02:05]} a5 {[%emt 0:03:06]} 28. bxa6 {[%emt 0:04:16]} Qxc6 {[%emt 0:00:49]} 29. Rb4 {[%emt 0:00:21]} Kh7 {[%emt 0:05:34]} 30. h3 {[%emt 0:04:02]} d4 {[%emt 0:08:21]} 31. Rxd4 {[%emt 0:04:52]} Ra8 {[%emt 0:03:21]} 32. Qb5 {[%emt 0:01:55]} Qc1+ {[%emt 0:01:56]} 33. Rd1 {[%emt 0:01:04]} Qc5 {[%emt 0:00:14]} 34. Qxc5 {[%emt 0:01:33]} bxc5 {[%emt 0:00:01]} 35. Bb5 {[%emt 0:00:50]} Ra7 {[%emt 0:00:20]} 36. Rd6 {[%emt 0:00:30]} Ng8 {[%emt 0:02:48]} 37. Rb6 {[%emt 0:00:18]} Nf6 {[%emt 0:02:35]} 38. Rb7 {[%emt 0:00:39]} Ra8 {[%emt 0:00:39]} 39. a7 {[%emt 0:00:35]} Nd5 {[%emt 0:00:09]} 40. Bc6 {[%emt 0:00:28]} Nb4 {[%emt 0:00:13]} 41. Rxg7+ {[%emt 0:30:27]} Kxg7 {[%emt 0:30:23]} 42. Bxa8 {[%emt 0:00:06]} 1-0

[Event "Skalica Open 2019"]
[Site "Skalica"]
[Date "2019.08.28"]
[Round "5.21"]
[White "Krakovsky, Peter"]
[Black "Hrubsa, Marian"]
[Result "1/2-1/2"]
[WhiteElo "1000"]
[BlackElo "1888"]
[Annotator "NA"]
[PlyCount "35"]
[EventDate "2019.08.25"]
[EventType "swiss"]
[EventCountry "SVK"]
[SourceTitle "playchess.com"]
[Source "ChessBase"]
[SourceQuality "1"]
[TimeControl "40/5400+30:1800+30"]

1. c4 {[%emt 0:00:00]} e5 {[%emt 0:00:00]} 2. g3 {[%emt 0:00:00]} Nf6 {[%emt 0:00:00]} 3. Bg2 {[%emt 0:00:00]} Bc5 {[%emt 0:00:00]} 4. d3 {[%emt 0:00:00]} Nc6 {[%emt 0:00:27]} 5. Nf3 {[%emt 0:00:04]} O-O {[%emt 0:00:43]} 6. O-O {[%emt 0:00:03]} h6 {[%emt 0:00:21]} 7. e4 {[%emt 0:00:12]} d6 {[%emt 0:00:25]} 8. Nc3 {[%emt 0:00:12]} Be6 {[%emt 0:01:42]} 9. a3 {[%emt 0:00:43]} a5 {[%emt 0:02:04]} 10. Nd5 {[%emt 0:00:41]} Bg4 {[%emt 0:04:26]} 11. h3 {[%emt 0:00:53]} Be6 {[%emt 0:02:10]} 12. Bd2 {[%emt 0:00:40]} Nd4 {[%emt 0:04:51]} 13. b4 {[%emt 0:03:16]} Nxf3+ {[%emt 0:01:08]} 14. Qxf3 {[%emt 0:00:40]} Bd4 {[%emt 0:00:20]} 15. Nxf6+ {[%emt 0:00:50]} Qxf6 {[%emt 0:03:19]} 16. Qxf6 {[%emt 0:01:02]} gxf6 {[%emt 0:00:05]} 17. Rab1 {[%emt 0:00:34]} axb4 {[%emt 0:02:29]} 18. Ra1 1/2-1/2

[Event "Skalica Open 2019"]
[Site "Skalica"]
[Date "2019.08.28"]
[Round "5.22"]
[White "Ivanov, Alexander"]
[Black "Skreko, Igor"]
[Result "1/2-1/2"]
[WhiteElo "2473"]
[BlackElo "1725"]
[Annotator "TA"]
[PlyCount "89"]
[EventDate "2019.08.25"]
[EventType "swiss"]
[EventCountry "SVK"]
[SourceTitle "playchess.com"]
[Source "ChessBase"]
[SourceQuality "1"]

{[%evp 19,89,-5,23,0,94,20,22,-66,-77,-78,-23,-8,3,-10,0,-13,0,0,0,0,0,0,0,0,0,-58,-43,-43,0,0,0,0,0,0,0,0,0,0,0,0,0,0,0,0,2,2,11,14,21,11,16,8,8,7,8,0,0,0,0,0,0,0,0,0,0,0,0,0,0,0,0,0]} 1. e4 c5 2. Nf3 d6 3. d4 cxd4 4. Qxd4 Nc6 5. Bb5 Bd7 6. Bxc6 Bxc6 7. Nc3 Nf6 8. Bg5 e6 9. O-O-O Be7 10. Rhe1 Qc7 11. Kb1 {B53: Sicilian: 2...d6: Lines with Qxd4} (11. Qd2 Rd8 12. Nd4 a6 13. f3 O-O 14. Kb1 b5 15. g4 b4 16. Nce2 Bb7 17. Ng3 Rfe8 18. Rg1 Nd7 19. Bxe7 Rxe7 20. Nh5 Ne5 21. g5 Ng6 {1-0 (47) Hasangatin,R (2502)-Smirnov,T (2324) Serpukhov 2018}) 11... b5 (11... O-O $11) 12. Rd3 $146 (12. Bxf6 $16 gxf6 13. Nd5 Bxd5 14. exd5) ({Predecessor:} 12. Bxf6 gxf6 13. Nd5 Bxd5 14. exd5 e5 15. Qe4 Rc8 16. c3 Qd7 17. Qe3 h5 18. Nd2 {1-0 (34) Ringel,Z (2232)-Knizek,J (2182) Czechia 2007}) 12... Rc8 13. e5 (13. Bxf6 $1 $11 gxf6 14. Rd2) 13... dxe5 $15 14. Qxe5 Qxe5 (14... b4 $17 15. Nb5 Qxe5 16. Rxe5 Bxf3 17. Rxf3 Nd7) 15. Nxe5 $11 a6 16. f3 Bb7 17. Red1 Nd5 18. Bxe7 Kxe7 19. Nxd5+ Bxd5 20. Ng4 Rhd8 21. Ne3 {[%cal Re3d5]} Bb7 22. c3 (22. Rxd8 $11 Rxd8 23. Rxd8 Kxd8 24. c4) 22... Rxd3 $15 23. Rxd3 {[%mdl 4096] Endgame KRB-KRN} Rd8 24. Kc2 {The position is equal.} Rxd3 25. Kxd3 $11 {KB-KN} Kd6 26. f4 f6 27. Kd4 e5+ 28. fxe5+ fxe5+ 29. Kd3 g6 30. g3 Bf3 31. b4 Bd5 32. a3 Ba2 33. c4 Bb1+ 34. Kc3 bxc4 35. Kxc4 Ba2+ 36. Kc3 Be6 37. Kd3 Bd7 38. Kc4 Bb5+ 39. Kc3 Ke6 40. h3 Kd6 41. h4 h5 42. Kb3 e4 43. Kc3 Ke5 44. Nc4+ Kf5 {[#] And now ...Bxc4 would win.} 45. Ne3+ {Accuracy: White = 56%, Black = 63%.} 1/2-1/2

[Event "Skalica Open 2019"]
[Site "Skalica"]
[Date "2019.08.28"]
[Round "5.23"]
[White "Palka, Miroslav"]
[Black "Londin, Lukas Vojtech"]
[Result "1-0"]
[WhiteElo "1869"]
[BlackElo "1415"]
[Annotator "NA"]
[PlyCount "65"]
[EventDate "2019.08.25"]
[EventType "swiss"]
[EventCountry "SVK"]
[SourceTitle "playchess.com"]
[Source "ChessBase"]
[SourceQuality "1"]
[TimeControl "40/5400+30:1800+30"]

1. c4 {[%emt 0:00:00]} e5 {[%emt 0:00:00]} 2. Nc3 {[%emt 0:00:00]} Nf6 {[%emt 0:00:00]} 3. g3 {[%emt 0:00:14]} Bb4 {[%emt 0:00:00]} 4. Bg2 {[%emt 0:00:18]} Bxc3 {[%emt 0:00:04]} 5. bxc3 {[%emt 0:00:22]} d6 {[%emt 0:00:22]} 6. d4 {[%emt 0:00:31]} exd4 {[%emt 0:01:10]} 7. cxd4 {[%emt 0:00:15]} h6 {[%emt 0:00:15]} 8. Nf3 {[%emt 0:00:16]} O-O {[%emt 0:00:14]} 9. O-O {[%emt 0:00:04]} Nc6 {[%emt 0:00:39]} 10. Qc2 {[%emt 0:02:38]} Re8 {[%emt 0:02:31]} 11. e3 {[%emt 0:01:22]} Bg4 {[%emt 0:10:03]} 12. d5 {[%emt 0:01:26]} Nb8 {[%emt 0:05:05]} 13. Bb2 {[%emt 0:01:07]} Nbd7 {[%emt 0:01:40]} 14. Bd4 {[%emt 0:02:49]} b6 {[%emt 0:06:22]} 15. Qb2 {[%emt 0:02:39]} Kh7 {[%emt 0:03:29]} 16. Rfe1 {[%emt 0:02:18]} Bf5 {[%emt 0:01:02]} 17. Nh4 {[%emt 0:01:27]} Bg6 {[%emt 0:01:38]} 18. Nxg6 {[%emt 0:00:16]} fxg6 {[%emt 0:00:05]} 19. Qc2 {[%emt 0:01:14]} Ne5 {[%emt 0:00:31]} 20. f4 {[%emt 0:03:36]} Ned7 {[%emt 0:01:05]} 21. e4 {[%emt 0:01:25]} Nc5 {[%emt 0:00:34]} 22. e5 {[%emt 0:02:02]} Nfd7 {[%emt 0:00:47]} 23. e6 {[%emt 0:02:36]} Nf6 {[%emt 0:00:06]} 24. Bxc5 {[%emt 0:00:48]} bxc5 {[%emt 0:00:09]} 25. Bf1 {[%emt 0:01:23]} Ng8 {[%emt 0:02:44]} 26. f5 {[%emt 0:01:10]} gxf5 {[%emt 0:01:02]} 27. Qxf5+ {[%emt 0:00:10]} Kh8 {[%emt 0:00:02]} 28. Bd3 {[%emt 0:00:33]} Nf6 {[%emt 0:00:09]} 29. Rf1 {[%emt 0:01:27]} Kg8 {[%emt 0:00:55]} 30. Qg6 {[%emt 0:01:06]} Qe7 {[%emt 0:00:11]} 31. Rxf6 {[%emt 0:03:33]} Qxf6 {[%emt 0:00:31]} 32. Qh7+ {[%emt 0:00:05]} Kf8 {[%emt 0:00:04]} 33. Rf1 {[%emt 0:00:12]} 1-0

[Event "Skalica Open 2019"]
[Site "Skalica"]
[Date "2019.08.28"]
[Round "5.24"]
[White "Petkevich, Denis"]
[Black "Londin, Martin"]
[Result "1-0"]
[WhiteElo "1863"]
[BlackElo "1930"]
[Annotator "NA"]
[PlyCount "61"]
[EventDate "2019.08.25"]
[EventType "swiss"]
[EventCountry "SVK"]
[SourceTitle "playchess.com"]
[Source "ChessBase"]
[SourceQuality "1"]
[TimeControl "40/5400+30:1800+30"]

1. c4 {[%emt 0:00:00]} b6 {[%emt 0:00:00]} 2. b4 {[%emt 0:00:00]} e6 {[%emt 0:00:00]} 3. Bb2 {[%emt 0:00:00]} Nf6 {[%emt 0:00:04]} 4. a3 {[%emt 0:00:06]} c5 {[%emt 0:00:15]} 5. b5 {[%emt 0:00:24]} Bb7 {[%emt 0:00:17]} 6. e3 {[%emt 0:00:09]} d5 {[%emt 0:00:20]} 7. Nf3 {[%emt 0:00:08]} Be7 {[%emt 0:00:14]} 8. cxd5 Bxd5 {[%emt 0:00:23]} 9. Nc3 {[%emt 0:01:16]} O-O {[%emt 0:00:25]} 10. Nxd5 {[%emt 0:00:06]} Nxd5 {[%emt 0:01:04]} 11. Qc2 {[%emt 0:01:24]} Bf6 {[%emt 0:00:46]} 12. d4 {[%emt 0:00:17]} cxd4 {[%emt 0:02:02]} 13. Nxd4 {[%emt 0:00:09]} Nd7 {[%emt 0:00:36]} 14. Rd1 {[%emt 0:01:37]} Rc8 {[%emt 0:01:41]} 15. Nc6 {[%emt 0:02:45]} Qc7 {[%emt 0:01:46]} 16. Bd3 {[%emt 0:01:37]} h6 {[%emt 0:01:32]} 17. O-O {[%emt 0:00:46]} Ne5 18. Bxe5 {[%emt 0:02:31]} Bxe5 {[%emt 0:01:48]} 19. g3 {[%emt 0:00:05]} Ne7 {[%emt 0:01:21]} 20. Nxe5 {[%emt 0:02:26]} Qxe5 {[%emt 0:00:33]} 21. Qa4 {[%emt 0:01:08]} Rc7 {[%emt 0:01:17]} 22. e4 {[%emt 0:02:51]} Rfc8 {[%emt 0:01:27]} 23. f4 {[%emt 0:01:58]} Qc5+ {[%emt 0:00:43]} 24. Kg2 {[%emt 0:00:04]} f5 {[%emt 0:01:20]} 25. Qb3 {[%emt 0:00:36]} Kf7 {[%emt 0:01:11]} 26. Rc1 {[%emt 0:01:55]} Qd6 {[%emt 0:01:37]} 27. Rxc7 {[%emt 0:00:07]} Rxc7 {[%emt 0:00:56]} 28. exf5 {[%emt 0:00:40]} Nd5 {[%emt 0:02:06]} 29. Be4 {[%emt 0:01:38]} Rc3 {[%emt 0:02:20]} 30. fxe6+ {[%emt 0:01:04]} Qxe6 {[%emt 0:01:57]} 31. Qxd5 {[%emt 0:00:18]} 1-0

[Event "Skalica Open 2019"]
[Site "Skalica"]
[Date "2019.08.29"]
[Round "6.1"]
[White "Potapov, Pavel"]
[Black "Demidov, Mikhail"]
[Result "1/2-1/2"]
[WhiteElo "2496"]
[BlackElo "2556"]
[Annotator "TA"]
[PlyCount "23"]
[EventDate "2019.08.25"]
[EventType "swiss"]
[EventCountry "SVK"]
[SourceTitle "playchess.com"]
[Source "ChessBase"]
[SourceQuality "1"]

{[%evp 9,23,27,29,42,35,42,26,37,30,35,63,46,58,43,37,31]} 1. e4 g6 2. d4 Bg7 3. Nc3 a6 4. f4 d5 (4... b5 5. Nf3 d6 6. Bd3 Nd7 7. e5 c5 8. Be4 Rb8 9. Be3 b4 10. Ne2 Nh6 11. dxc5 Nxc5 12. Bxc5 dxc5 13. Bc6+ Bd7 14. Qd5 Rc8 15. Bxd7+ Qxd7 16. Qxd7+ Kxd7 {1-0 (41) Yu,Y (2760)-Adhiban,B (2655) chess.com INT 2018}) 5. Nxd5 e6 6. Ne3 {B06: Modern Defence} Qxd4 7. Qxd4 Bxd4 8. Nf3 {White has an edge.} Ba7 9. Bd3 Nc6 $146 {White is slightly better.} ({Predecessor:} 9... Nf6 10. e5 Nd5 11. Nxd5 exd5 12. Ke2 {½-½ (42) Marchena Hurtado,J (2340)-Repka,C (2454) Almazan 2017}) 10. c3 Bd7 11. Ke2 f5 12. e5 1/2-1/2

[Event "Skalica Open 2019"]
[Site "Skalica"]
[Date "2019.08.29"]
[Round "6.2"]
[White "Vykouk, Jan"]
[Black "Pulpan, Jakub"]
[Result "0-1"]
[WhiteElo "2477"]
[BlackElo "2397"]
[Annotator "TA"]
[PlyCount "78"]
[EventDate "2019.08.25"]
[EventType "swiss"]
[EventCountry "SVK"]
[SourceTitle "playchess.com"]
[Source "ChessBase"]
[SourceQuality "1"]

{[%evp 11,78,0,15,-29,8,8,16,9,29,26,21,18,27,11,24,11,18,-18,-20,-23,0,-20,-12,-12,-16,-22,-17,-21,-22,-41,-57,-61,-37,-99,-93,-98,-99,-104,-108,-102,-98,-379,-379,-375,-373,-379,-378,-364,-368,-1277,-703,-702,-703,-693,-689,-660,-683,-673,-673,-670,-658,-650,-616,-630,-629,-608,-589,-643,-608]} 1. e4 e5 2. Nf3 Nf6 3. Nxe5 d6 4. Nc4 Nxe4 5. Qe2 Qe7 6. Ne3 Nf6 (6... Be6 {is interesting.} 7. Nc3 Nf6 8. g4 h6 9. Bg2 c6) 7. b3 {C42: Petroff Defence: 3 Nxe5 and unusual White 3rd moves} c6 (7... Nbd7 8. Bb2 c6 9. g3 g6 10. Bh3 Bg7 11. Nc4 Qxe2+ 12. Kxe2 Ke7 13. Re1 Nb6 14. Kf1+ Be6 {½-½ (56) Mamedov,R (2708)-Rakhmanov,A (2627) Ankara 2018}) (7... g6 8. Bb2 Bg7 9. Nd5 Nxd5 10. Bxg7 Rg8 11. Qxe7+ Kxe7 12. Bb2 Nb4 13. Na3 Bf5 14. d3 Kd7 {½-½ (44) Vykouk,J (2222)-Pulpan,J (2275) Kouty nad Desnou 2015}) 8. Bb2 Be6 9. g3 {The position is equal.} g6 10. Bg2 Bg7 11. O-O $146 ({Predecessor:} 11. c4 O-O 12. d4 Re8 13. O-O Qd7 14. Nc3 Na6 {½-½ (71) Palkovi,J (2425)-Pandavos,E (2410) Naleczow 1988}) 11... O-O 12. Re1 Re8 13. c4 Qd7 14. Nc3 Na6 15. d4 Nc7 16. d5 cxd5 {...d4 is the strong threat.} 17. cxd5 Bxd5 18. Ncxd5 Ncxd5 19. Qf3 Nxe3 20. fxe3 Ne4 21. Bxg7 Kxg7 22. Rad1 ({Better is} 22. Qd1 $15) 22... Rad8 $17 23. Rd4 d5 24. Red1 Qe6 25. Qf1 {Threatens to win with Bxe4.} Nf6 26. e4 $2 {[%mdl 8192]} (26. Qf4 $17 {was necessary.}) 26... dxe4 $19 27. Rxd8 Rxd8 28. Rxd8 Qb6+ {[%mdl 64] [#] Double Attack} 29. Qf2 Qxd8 30. Qxa7 $2 (30. Qe3) 30... Qd2 {Black is clearly winning.} 31. Qf2 e3 32. Qxd2 exd2 {[%mdl 4096] Endgame KB-KN} 33. Bf3 {[#]} Ne4 $1 {[%mdl 512]} 34. Kf1 {intending Ke2.} (34. Bxe4 d1=Q+) 34... Nc3 35. a4 d1=Q+ 36. Bxd1 Nxd1 37. Ke2 Nc3+ 38. Kd3 Na2 39. Kd4 f5 {Accuracy: White = 41%, Black = 69%.} 0-1

[Event "Skalica Open 2019"]
[Site "Skalica"]
[Date "2019.08.29"]
[Round "6.3"]
[White "Maiorov, Nikita"]
[Black "Danada, Tomas"]
[Result "1-0"]
[WhiteElo "2512"]
[BlackElo "2266"]
[Annotator "TA"]
[PlyCount "65"]
[EventDate "2019.08.25"]
[EventType "swiss"]
[EventCountry "SVK"]
[SourceTitle "playchess.com"]
[Source "ChessBase"]
[SourceQuality "1"]

{[%evp 17,65,39,29,0,33,32,40,34,42,29,44,28,32,33,44,39,30,52,48,18,28,26,100,114,347,171,179,158,422,415,657,412,404,413,591,364,357,367,539,525,891,870,891,870,1545,1489,1530,1256,29998,29999]} 1. d4 Nf6 2. c4 e6 3. Nc3 Bb4 4. Qc2 d5 5. cxd5 exd5 6. Bg5 c5 7. dxc5 h6 8. Bh4 g5 ({Predecessor:} 8... Nc6 9. e3 g5 10. Bg3 Qa5 11. Nf3 {½-½ (32) Al Jabari,O (2100)-McLachlan,I (1750) IECG email 1999}) 9. Bg3 Ne4 {[#] aiming for ...Qa5.} 10. Nf3 $146 {E35: Nimzo-Indian: Classical: 4...d5 5 cxd5 exd5} (10. e3 Qa5 11. Nge2 Bf5 12. Bxb8 Rxb8 13. Nd4 Bd7 14. Nb3 Bxc3+ 15. bxc3 Qxc3+ 16. Qxc3 Nxc3 17. Bd3 Ke7 {½-½ (37) Duda,J (2739)-Karjakin,S (2760) Batumi 2018}) 10... Nc6 {...Bf5 is the strong threat.} 11. e3 Qa5 {[%cal Re4c3]} 12. Nd2 {White is slightly better.} Nxc3 13. bxc3 Bxc3 14. Rb1 {[%cal Ba1b1,Bb1b5,Bb5b3][%mdl 32]} O-O 15. Rb5 $1 {[%cal Rb5a5]} Qa3 {Strongly threatening ...Nb4!} 16. Rb3 {[%mdl 64] [#] Double Attack} Bxd2+ $1 17. Qxd2 Qxc5 18. Rb5 Qe7 19. h4 $36 {[%mdl 2048] With the idea hxg5. White fights for an advantage.} (19. Qxd5 a6 $17) 19... f5 (19... g4 $11) 20. hxg5 $16 (20. Qxd5+ $6 Be6 $11) 20... f4 $2 (20... hxg5 $16 {keeps fighting.} 21. Rh5 (21. Rxd5 Qf6 $16) 21... Rd8) 21. Bh4 ({Not} 21. Bxf4 Rxf4 22. Qxd5+ Be6 $11) ({Stronger than} 21. Rxh6 Qxg5 22. Bxf4 Rxf4 $11) (21. Qxd5+ $142 Be6 22. Qe4) 21... fxe3 22. fxe3 Rf4 $2 (22... h5 $16 {was worth a try.}) 23. Be2 $18 Ra4 (23... Rf5 $142 24. gxh6 Qe5) 24. Qc2 Re4 25. gxh6 Qe5 (25... Rxh4 {was called for.} 26. Qg6+ Kh8 27. Qg7+ {[%mdl 64] Deflection} Qxg7 28. hxg7+ Kxg7 29. Rxh4 Rb8 30. Rxd5 Be6) 26. Qb2 Qxb2 27. Rxb2 Bf5 (27... b6 $142 28. Bf6 Kh7) 28. Rxb7 Rae8 29. Bg5 R4e6 30. Bh5 Rf8 31. O-O Ne5 32. g4 Bg6 33. Rg7+ {Accuracy: White = 42%, Black = 32%.} 1-0